अमेरिकी लेखिकाएं आधुनिक कहानियां / (Record no. 117760)

MARC details
000 -LEADER
fixed length control field 01095nam a22002537a 4500
005 - DATE AND TIME OF LATEST TRANSACTION
control field 20170124103100.0
010 ## - LIBRARY OF CONGRESS CONTROL NUMBER
LC control number A-983669
020 ## - INTERNATIONAL STANDARD BOOK NUMBER
Terms of availability 00.00
035 ## - SYSTEM CONTROL NUMBER
System control number A-983669
037 ## - SOURCE OF ACQUISITION
Source of stock number/acquisition Cen Lib/Ret
040 ## - CATALOGING SOURCE
Original cataloging agency DPL
Language of cataloging HN
082 ## - DEWEY DECIMAL CLASSIFICATION NUMBER
Classification number
Item number कमले
100 ## - MAIN ENTRY--PERSONAL NAME
Personal name कमलेश्वर
9 (RLIN) 76679
245 ## - TITLE STATEMENT
Title अमेरिकी लेखिकाएं आधुनिक कहानियां /
Statement of responsibility, etc कमलेश्वर
246 ## - VARYING FORM OF TITLE
Title proper/short title Ameriki lekhikayen adhunik kahaniyan
Remainder of title by Kamleshwar
260 ## - PUBLICATION, DISTRIBUTION, ETC. (IMPRINT)
Place of publication, distribution, etc दिल्ली
Name of publisher, distributor, etc भारतीय प्रकाशन संस्थान
270 ## - ADDRESS
Address ix-221, मेन बाज़ार गाँधी नगर
City दिल्ली
Postal code 110031
300 ## - PHYSICAL DESCRIPTION
Extent 279पृष्ठ. :
Dimensions 21सेमी(सजिल्द)
Other physical details चित्र.
650 ## - SUBJECT ADDED ENTRY--TOPICAL TERM
Topical term or geographic name as entry element हिंदी साहित्य
9 (RLIN) 76680
650 ## - SUBJECT ADDED ENTRY--TOPICAL TERM
Topical term or geographic name as entry element हिंदी अनुवादित कहानियां
9 (RLIN) 7057
650 ## - SUBJECT ADDED ENTRY--TOPICAL TERM
Topical term or geographic name as entry element Hindi literature
9 (RLIN) 76681
650 ## - SUBJECT ADDED ENTRY--TOPICAL TERM
Topical term or geographic name as entry element hindi Translated Stories
9 (RLIN) 76682
942 ## - ADDED ENTRY ELEMENTS (KOHA)
Source of classification or shelving scheme Dewey Decimal Classification
Koha item type Hindi Books
Classification part
Call number suffix कमले
Holdings
Withdrawn status Lost status Damaged status Not for loan Home library Current library Date acquired Source of acquisition Cost, normal purchase price Total Checkouts Full call number Barcode Date last seen Copy number Cost, replacement price Price effective from Koha item type
        Central Library Central Library 08/09/2015 Cen Lib /Ret 0.00   क कमले A-983669 08/09/2015 1 0.00 08/09/2015 Hindi Books

© Delhi Public Library
Hit Counter
free hit counter